Movies Quiz

Random Movies or Clickable Quiz
Score 0/20 Timer 07:00
0 Plays Today
% Correct
Ian McKellen
91.5%
Laurence Fishburne
85.8%
Patrick Stewart
84.4%
Alec Guinness
82.4%
Michael Douglas
82.4%
Pat Morita
82%
Brad Pitt
81%
Michael Gambon
75.8%
Paul Newman
58.4%
Clint Eastwood
57.7%
% Correct
Anthony Hopkins
56.5%
Burgess Meredith
56.1%
Rip Torn
56.1%
Rex Harrison
55.2%
Carl Weathers
54%
Gordon Liu
53%
Sean Connery
49.3%
George Carlin
47.4%
Liam Neeson
46.5%
Kris Kristofferson
33.9%
Remove Ads.
Support Sporcle.
Get the best of Sporcle when you Go Orange. This ad-free experience offers more features, more stats, and more fun while also helping to support Sporcle. Thank you for becoming a member.

You're not logged in!

Compare scores with friends on all Sporcle quizzes.
OR
Log In

Show Comments

Extras

Top Quizzes Today


Score Distribution

Your Account Isn't Verified!

In order to create a playlist on Sporcle, you need to verify the email address you used during registration. Go to your Sporcle Settings to finish the process.

Report this User

Report this user for behavior that violates our Community Guidelines.

Details: